Azores Islands - Map Quiz - Statistics

General Stats
  • This quiz has been taken 186 times
  • The average score is 6 of 9
Answers on the Map
Answers color-coded by a green-red scale on the quiz's map according to % correct below.
 
Answer Stats
Answer % Correct
São Miguel
84%
Corvo
65%
Flores
64%
Pico
63%
Santa Maria
63%
Faial
57%
São Jorge
55%
Terceira
55%
Graciosa
48%
No matching quizzes found
Score Distribution
Percent of People with Each Score
Percentile by Number Answered
Your Score History
You have not taken this quiz